000 01524nam a2200265Ia 4500
999 _c46213
_d46213
001 13046
003 GE_BSU
005 20240711133328.0
008 181216s2013||||ge |||||||||||||| ||geo||
040 _cGE_BSU
041 _ageo
080 _a336(042.4) ძ-71
100 _aძნელაძე, ლედი
_922804
245 _aფინანსები, ფულის მიმოქცევა და კრედიტი (მოკლე სალექციო კურსი) :
_b(მოკლე სალექციო კურსი) /
_cლედი ძნელაძე ; მეცნ.-რედ. გიორგი ცაავა.
250 _aმე-2 შევსებული გამოცემა
264 _aბათუმი :
_bგამ-ბა აჭარა,
_c2013.
300 _a204 გვ. ;
_c20 სმ.
_eსქ., ცხრ.
504 _aბიბლიოგრ. ტექსტის შენიშვნებში
653 _aფინანსები, ფულის მიმოქცევა და კრედიტი
653 _aფინანსები – ლექციების კურსი
653 _aფულის მიმოქცევა – ლექციების კურსი
653 _aკრედიტები – ლექციების კურსი
700 _aცაავა, გ. (გიორგი)
_e მეცნიერ - რედაქტორი
_922806
942 _cBK
_2udc